000 00304nam a2200133Ia 4500
100 _aMody/S. M.
942 _cBK
654 _aTotal Quality Management
245 _aTotal Quality Management & Purchasing
260 _bNational Centre
_aBombay
_c1991
300 _a24
546 _aENGLISH
999 _c21048
_d21048